000 00402nam a2200169Ia 4500
008 230524s9999 xx 000 0 und d
020 _a0074622439
082 _a621.3812
_bMIT
100 _aG.K.Mithal
245 0 _aElectronic Devices and Circuits
250 _a23TH
260 _aNEW DELHI
_bKhanna
_c2004
300 _a564
500 _aQuantity Number: 8
650 _aElectronics
942 _cBK
999 _c9894
_d9894